Petroleum

Bibliographic Details
Format: Book
Published: Petaling Jaya : Penerbit Prisma Sdn. Bhd. , 1991
Series:Malaysia Bumi Bertuah
Subjects:

MARC

LEADER 00000cam a2200000 7i4500
001 0000006885
002 000007417
005 20000330.0
020 |a 9839665685 
090 0 0 |a J 333.7   |b RAS 
245 1 0 |a Petroleum   |c Rashid Abdullah 
260 |a Petaling Jaya :   |b Penerbit Prisma Sdn. Bhd. ,   |c 1991 
300 |a 83 p. :   |b ill. ;   |c 23 cm. 
490 0 |a Malaysia Bumi Bertuah 
650 0 0 |a Petroleum chemicals   |x Juvenile literature 
999 |a 026310   |b BUKU   |c PINJAMAN   |e PERPUSTAKAAN KOMUNITI PETALING JAYA